000 00304nam a22001337a 4500
008 170330b xxu||||| |||| 00| 0 eng d
020 _a9780721605494
041 _aeng
080 _218 ED
_a616-053.2
100 _a8
101 _aSHM
245 _aCUURENT PEDIATRIC THERAPY
_cBURG.F.D
942 _2udc
_cBK
999 _c9112
_d9112